LEADER 01923oam 2200469M 450 001 9910716492703321 005 20200213070919.1 035 $a(CKB)5470000002521214 035 $a(OCoLC)1065606215 035 $a(OCoLC)995470000002521214 035 $a(EXLCZ)995470000002521214 100 $a20071213d1927 ua 0 101 0 $aeng 135 $aurcn||||||||| 181 $ctxt$2rdacontent 182 $cc$2rdamedia 183 $acr$2rdacarrier 200 10$aTo authorize the Secretary of the Navy to dispose of the former naval radio station, Marshfield, Oreg. February 3, 1927. -- Committed to the Committee of the Whole House on the State of the Union and ordered to be printed 210 1$a[Washington, D.C.] :$c[U.S. Government Printing Office],$d1927. 215 $a1 online resource (2 pages) 225 1 $aHouse report / 69th Congress, 2nd session. House ;$vno. 1961 225 1 $a[United States congressional serial set] ;$v[serial no. 8689] 300 $aBatch processed record: Metadata reviewed, not verified. Some fields updated by batch processes. 300 $aFDLP item number not assigned. 606 $aEconomic conversion 606 $aRadio stations 606 $aGovernment auctions 606 $aFinance, Public 608 $aLegislative materials.$2lcgft 615 0$aEconomic conversion. 615 0$aRadio stations. 615 0$aGovernment auctions. 615 0$aFinance, Public. 701 $aWoodruff$b Roy O$g(Roy Orchard),$f1876-1953$pRepublican (MI)$01397940 801 0$bWYU 801 1$bWYU 801 2$bOCLCO 801 2$bOCLCQ 906 $aBOOK 912 $a9910716492703321 996 $aTo authorize the Secretary of the Navy to dispose of the former naval radio station, Marshfield, Oreg. February 3, 1927. -- Committed to the Committee of the Whole House on the State of the Union and ordered to be printed$93505509 997 $aUNINA LEADER 01566nas 2200457-a 450 001 9910134599503321 005 20240915213022.0 035 $a(CKB)110987003428561 035 $a(CONSER)sf-93091099- 035 $a(EXLCZ)99110987003428561 100 $a19880901b19882000 --- a 101 0 $aeng 181 $ctxt$2rdacontent 182 $cc$2rdamedia 183 $acr$2rdacarrier 200 04$aThe Accounting educators' journal 210 $aLas Vegas, Nev. $cUniversity of Nevada, Las Vegas$dİ1988- 215 $a1 online resource 300 $aRefereed/Peer-reviewed 300 $aPublished for: American Accounting Association. 311 $aPrint version: The Accounting educators' journal. (DLC)sf 93091099 (DLC)sn 88007930 (OCoLC)18436230 1041-0392 531 $aACCOUNTING EDUCATORS JOURNAL 531 0 $aAccount. educ. j. 606 $aAccounting$vPeriodicals 606 $aAccounting$xStudy and teaching$vPeriodicals 606 $aAccounting$2fast$3(OCoLC)fst00795379 606 $aAccounting$xStudy and teaching$2fast$3(OCoLC)fst00795466 608 $aPeriodicals.$2fast 608 $aPeriodicals.$2lcgft 615 0$aAccounting 615 0$aAccounting$xStudy and teaching 615 7$aAccounting. 615 7$aAccounting$xStudy and teaching. 676 $a657 712 02$aAmerican Accounting Association. 712 02$aUniversity of Nevada, Las Vegas. 906 $aJOURNAL 912 $a9910134599503321 920 $aexl_impl conversion 996 $aThe Accounting educators' journal$92171163 997 $aUNINA